The Lost Seven and Dead Man's Tale (Record no. 351624)

000 -LEADER
fixed length control field 00455nam a22001817a 4500
003 - CONTROL NUMBER IDENTIFIER
control field OSt
005 - DATE AND TIME OF LATEST TRANSACTION
control field 20180116183051.0
008 - FIXED-LENGTH DATA ELEMENTS--GENERAL INFORMATION
fixed length control field 160812b xxu||||| |||| 00| 0 eng d
020 ## - INTERNATIONAL STANDARD BOOK NUMBER
International Standard Book Number 0
040 ## - CATALOGING SOURCE
Transcribing agency 0
082 ## - DEWEY DECIMAL CLASSIFICATION NUMBER
Classification number 823 FAK 1995
100 ## - MAIN ENTRY--PERSONAL NAME
Personal name Fakhar Zaman's
245 ## - TITLE STATEMENT
Title The Lost Seven and Dead Man's Tale
Statement of responsibility, etc. Fakhar Zaman's
260 ## - PUBLICATION, DISTRIBUTION, ETC.
Place of publication, distribution, etc. Lahore
Name of publisher, distributor, etc. Book Traders
Date of publication, distribution, etc. c 1995
300 ## - PHYSICAL DESCRIPTION
Extent 131 p.
Other physical details HB
440 ## - SERIES STATEMENT/ADDED ENTRY--TITLE
Title Two Celebrated Novels ;
942 ## - ADDED ENTRY ELEMENTS (KOHA)
Source of classification or shelving scheme
Koha item type Book
Holdings
Withdrawn status Lost status Source of classification or shelving scheme Damaged status Not for loan Collection code Permanent Location Current Location Shelving location Date acquired Total Checkouts Full call number Barcode Date last seen Date last checked out Price effective from Koha item type
            Central Library (CL) Central Library (CL) General Stacks 08/12/2016 3 823 FAK 1995 NBSD-2686 04/14/2026 03/17/2026 08/12/2016 Book
© 2023 Central Library, National University of Sciences and Technology. All Rights Reserved.